<?xml version="1.0" encoding="UTF-8"?>
<record
    xmlns:xsi="http://www.w3.org/2001/XMLSchema-instance"
    xsi:schemaLocation="http://www.loc.gov/MARC21/slim http://www.loc.gov/standards/marcxml/schema/MARC21slim.xsd"
    xmlns="http://www.loc.gov/MARC21/slim">

  <leader>00459nam a22001817a 4500</leader>
  <datafield tag="999" ind1=" " ind2=" ">
    <subfield code="c">6934</subfield>
    <subfield code="d">6932</subfield>
  </datafield>
  <controlfield tag="005">20210904114000.0</controlfield>
  <controlfield tag="008">200608b        xxu||||| |||| 00| 0 eng d</controlfield>
  <datafield tag="020" ind1=" " ind2=" ">
    <subfield code="a">81-742-903-6</subfield>
  </datafield>
  <datafield tag="041" ind1=" " ind2=" ">
    <subfield code="a">eng</subfield>
  </datafield>
  <datafield tag="082" ind1=" " ind2=" ">
    <subfield code="a">342.540 23</subfield>
  </datafield>
  <datafield tag="100" ind1=" " ind2=" ">
    <subfield code="a">MANOHAR, SUJATA.V.</subfield>
    <subfield code="9">5872</subfield>
  </datafield>
  <datafield tag="245" ind1=" " ind2=" ">
    <subfield code="a">CONSTITUTIONAL LAW OF INDIA  </subfield>
  </datafield>
  <datafield tag="250" ind1=" " ind2=" ">
    <subfield code="a">(3RD ED.), 2010.</subfield>
  </datafield>
  <datafield tag="260" ind1=" " ind2=" ">
    <subfield code="a">LUCKNOW</subfield>
    <subfield code="b">EASTERN BOOK COMPANY LUCKNOW</subfield>
  </datafield>
  <datafield tag="300" ind1=" " ind2=" ">
    <subfield code="a">1303, ixxx;p</subfield>
  </datafield>
  <datafield tag="650" ind1=" " ind2=" ">
    <subfield code="a">LAW</subfield>
    <subfield code="9">5701</subfield>
  </datafield>
  <datafield tag="942" ind1=" " ind2=" ">
    <subfield code="c">BK</subfield>
  </datafield>
  <datafield tag="952" ind1=" " ind2=" ">
    <subfield code="0">0</subfield>
    <subfield code="1">0</subfield>
    <subfield code="4">0</subfield>
    <subfield code="7">0</subfield>
    <subfield code="8">REF</subfield>
    <subfield code="a">JRU</subfield>
    <subfield code="b">JRU</subfield>
    <subfield code="c">SHELF</subfield>
    <subfield code="d">2020-06-20</subfield>
    <subfield code="e">PURCHESS</subfield>
    <subfield code="g">1500.00</subfield>
    <subfield code="l">0</subfield>
    <subfield code="o">342.540 23</subfield>
    <subfield code="p">24899</subfield>
    <subfield code="r">2020-06-08 00:00:00</subfield>
    <subfield code="w">2020-06-20</subfield>
    <subfield code="y">BK</subfield>
  </datafield>
  <datafield tag="952" ind1=" " ind2=" ">
    <subfield code="0">0</subfield>
    <subfield code="1">0</subfield>
    <subfield code="4">0</subfield>
    <subfield code="7">0</subfield>
    <subfield code="8">LAW</subfield>
    <subfield code="a">JRU</subfield>
    <subfield code="b">JRU</subfield>
    <subfield code="c">SHELF-29-A</subfield>
    <subfield code="d">2020-06-20</subfield>
    <subfield code="e">PURCHESS</subfield>
    <subfield code="g">1500.00</subfield>
    <subfield code="l">3</subfield>
    <subfield code="o">342.540 23</subfield>
    <subfield code="p">24900</subfield>
    <subfield code="r">2024-08-20 12:34:03</subfield>
    <subfield code="s">2024-08-20</subfield>
    <subfield code="w">2020-06-20</subfield>
    <subfield code="y">BK</subfield>
  </datafield>
  <datafield tag="952" ind1=" " ind2=" ">
    <subfield code="0">0</subfield>
    <subfield code="1">0</subfield>
    <subfield code="4">0</subfield>
    <subfield code="7">0</subfield>
    <subfield code="8">LAW</subfield>
    <subfield code="a">JRU</subfield>
    <subfield code="b">JRU</subfield>
    <subfield code="c">SHELF-29-A</subfield>
    <subfield code="d">2020-06-20</subfield>
    <subfield code="e">PURCHESS</subfield>
    <subfield code="g">1500.00</subfield>
    <subfield code="l">2</subfield>
    <subfield code="m">1</subfield>
    <subfield code="o">342.540 23</subfield>
    <subfield code="p">24901</subfield>
    <subfield code="r">2026-04-13 14:35:29</subfield>
    <subfield code="s">2026-03-31</subfield>
    <subfield code="w">2020-06-20</subfield>
    <subfield code="y">BK</subfield>
  </datafield>
  <datafield tag="952" ind1=" " ind2=" ">
    <subfield code="0">0</subfield>
    <subfield code="1">0</subfield>
    <subfield code="4">0</subfield>
    <subfield code="7">0</subfield>
    <subfield code="8">LAW</subfield>
    <subfield code="a">JRU</subfield>
    <subfield code="b">JRU</subfield>
    <subfield code="c">SHELF-29-A</subfield>
    <subfield code="d">2020-06-20</subfield>
    <subfield code="e">PURCHESS</subfield>
    <subfield code="g">1500.00</subfield>
    <subfield code="l">1</subfield>
    <subfield code="o">342.540 23</subfield>
    <subfield code="p">24902</subfield>
    <subfield code="r">2023-05-15 00:00:00</subfield>
    <subfield code="s">2022-12-28</subfield>
    <subfield code="w">2020-06-20</subfield>
    <subfield code="y">BK</subfield>
  </datafield>
  <datafield tag="952" ind1=" " ind2=" ">
    <subfield code="0">0</subfield>
    <subfield code="1">0</subfield>
    <subfield code="4">0</subfield>
    <subfield code="7">0</subfield>
    <subfield code="8">LAW</subfield>
    <subfield code="a">JRU</subfield>
    <subfield code="b">JRU</subfield>
    <subfield code="c">SHELF-29-A</subfield>
    <subfield code="d">2020-06-20</subfield>
    <subfield code="e">PURCHESS</subfield>
    <subfield code="g">1500.00</subfield>
    <subfield code="l">2</subfield>
    <subfield code="o">342.540 23</subfield>
    <subfield code="p">24903</subfield>
    <subfield code="r">2024-01-15 13:20:12</subfield>
    <subfield code="s">2024-01-02</subfield>
    <subfield code="w">2020-06-20</subfield>
    <subfield code="y">BK</subfield>
  </datafield>
</record>
